LEADER 01480nam0 2200361 450 001 000037102 005 20141121110021.0 010 $a3-322-00456-2 100 $a20140630d--------km-y0itaa50------ba 101 0 $agrc 102 $aDE 200 1 $aMichaelis Pselli Theologica 210 $aLeipzig$cBSB B. G. Teubner Verlagsgesellschaft 215 $aVolumi$d21 cm 225 2 $aBibliotheca scriptorum Graecorum et Romanorum Teubneriana 327 0 $aVol. I: opuscula 1-114 / edidit Paul Gautier. - 1989. - XIX, 499 p. 410 0$12001$aBibliotheca scriptorum Graecorum et Romanorum Teubneriana 500 11$aTheologica / Psellus, Michael$927104 676 $a230.02$v(22. ed.)$9Teologia cristiana. Miscellanea 700 1$aPsellus,$bMichael$f<1018-1078>$0182427 702 1$aGautier,$bPaul 801 0$aIT$bUniversitą della Basilicata - B.I.A.$gREICAT$2unimarc 912 $a000037102 996 $aTheologica$927104 997 $aUNIBAS CAT $aEXT013$b01$c20140630$lBAS01$h0810 CAT $aEXT013$b01$c20140630$lBAS01$h0810 CAT $aEXT013$b01$c20140630$lBAS01$h0812 CAT $aEXT013$b01$c20140630$lBAS01$h0816 CAT $aEXT013$b01$c20140630$lBAS01$h0817 CAT $aEXT013$b01$c20141121$lBAS01$h1100 FMT Z30 -1$lBAS01$LBAS01$mBOOK$1BASA1$APolo Storico-Umanistico$2GEN$BCollezione generale$3Class/1575$678261$5L78261$820140630$b1$f02$FPrestabile Generale$hVol. I: opuscula 1-114 / edidit Paul Gautier. - 1989. - XIX, 499 p. LEADER 01193nam0-2200265 --450 001 9910746779803321 005 20231027102853.0 100 $a20231027d2000----kmuy0itay5050 ba 101 0 $aita 102 $aIT 105 $a 001yy 200 1 $a<>valutazione della ricerca$euno strumento a sostegno della qualitą e di una migliore utilizzazione della ricerca scientifica e tecnologica$eatti del convegno$eRoma, 4 febbraio 2000, Accademia nazionale dei Lincei$f[CIVR, Comitato di indirizzo per la valutazione della ricerca$ga cura di Ivana De Santis] 210 $a[Roma]$cCIVR$d[2000?] 215 $a141 p.$cill.$d23 cm 300 $aNel front.: sotto l'alto Patronato del Presidente della Repubblica 300 $aNella cop.: 1. Convegno internazionale sulla valutazione. 702 1$aDe Santis,$bIvana 710 02$aItalia$b: Ministero dell'universitą e della ricerca scientifica e tecnologica$b: Comitato di indirizzo per la valutazione della ricerca$4070$0285526 801 0$aIT$bUNINA$gREICAT$2UNIMARC 901 $aBK 912 $a9910746779803321 952 $aDFT C90 VALR 01$fFLFBC 959 $aFLFBC 996 $aValutazione della ricerca$93574370 997 $aUNINA